000 00464nam a2200193Ia 4500
005 20231125104931.0
008 131103s9999 xx 000 0 und d
020 _a3.45E+11
040 _aLoreto College
041 _aEnglish
082 _aF
_bWOD
100 _aWodehouse,P.G.
245 _aLaughing Gas
_cP.G.Wodehouse
260 _aNew York
_bBallantine Books
_c1936
300 _a248 p.
650 _aFiction in English
850 _aLCLIB
942 _cBK
999 _c14517
_d64996